|
|
|
|
| LEADER |
02036nam a22003377a 4500 |
| 001 |
37005 |
| 003 |
BD-DhAAL |
| 005 |
20211111105602.0 |
| 008 |
200212t2018 a|||| |||| 001 0 eng d |
| 999 |
|
|
|c 41698
|d 41698
|
| 020 |
|
|
|a 9781983258787
|
| 040 |
|
|
|a BD-DhAAL
|
| 082 |
|
|
|a 005.133
|2 23
|
| 100 |
|
|
|a Almog, Shai
|9 39236
|
| 245 |
|
|
|a Create an uber clone in 7 Days :
|b build a real world full stack mobile app in Java /
|c Shai Almog ; edited by Steve Hannah
|
| 260 |
|
|
|a [place not identified] :
|b Independently,
|c c2018
|
| 300 |
|
|
|a 426 pages :
|b illustrations ;
|c 26 cm.
|
| 490 |
|
|
|a Clone a Mobile App in Java (Book 1)
|
| 500 |
|
|
|a Includes index.
|
| 526 |
|
|
|a CSE
|
| 541 |
|
|
|a Book Finder International
|e 37005, 37006, 37007, 37008, 37009
|
| 650 |
|
|
|a Java (Computer program language).
|9 39237
|
| 650 |
|
|
|a Computer science.
|9 42525
|
| 700 |
|
|
|a Hannah, Steve
|9 39238
|
| 852 |
|
|
|a Ayesha Abed Library
|c General Stacks
|
| 942 |
|
|
|2 ddc
|c BK
|
| 952 |
|
|
|0 0
|1 0
|2 ddc
|4 0
|6 005_133000000000000_ALM
|7 0
|9 67815
|a BRACUL
|b BRACUL
|c GEN
|d 2020-02-04
|e Book Finder International
|g 7500.00
|l 2
|m 4
|o 005.133 ALM
|p 3010037006
|r 2024-06-26
|s 2024-06-01
|t 2
|v 7500.00
|w 2020-02-04
|y BK
|
| 952 |
|
|
|0 0
|1 0
|2 ddc
|4 0
|6 005_133000000000000_ALM
|7 0
|9 67816
|a BRACUL
|b BRACUL
|c GEN
|d 2020-02-04
|e Book Finder International
|g 7500.00
|l 3
|m 20
|o 005.133 ALM
|p 3010037007
|q 2026-06-02
|r 2026-05-06
|s 2026-05-06
|t 3
|v 7500.00
|w 2020-02-04
|y BK
|
| 952 |
|
|
|0 0
|1 0
|2 ddc
|4 0
|6 005_133000000000000_ALM
|7 0
|9 67817
|a BRACUL
|b BRACUL
|c GEN
|d 2020-02-04
|e Book Finder International
|g 7500.00
|l 1
|m 30
|o 005.133 ALM
|p 3010037005
|r 2026-01-04
|s 2025-06-30
|t 1
|v 7500.00
|w 2020-02-04
|y BK
|
| 952 |
|
|
|0 0
|1 0
|2 ddc
|4 0
|6 005_133000000000000_ALM
|7 0
|9 67818
|a BRACUL
|b BRACUL
|c GEN
|d 2020-02-04
|e Book Finder International
|g 7500.00
|l 1
|m 22
|o 005.133 ALM
|p 3010037008
|r 2024-12-05
|s 2024-09-19
|t 4
|v 7500.00
|w 2020-02-04
|y BK
|
| 952 |
|
|
|0 0
|1 0
|2 ddc
|4 0
|6 005_133000000000000_ALM
|7 0
|9 67819
|a BRACUL
|b BRACUL
|c GEN
|d 2020-02-04
|e Book Finder International
|g 7500.00
|l 1
|m 2
|o 005.133 ALM
|p 3010037009
|r 2025-08-13
|s 2025-07-27
|t 5
|v 7500.00
|w 2020-02-04
|y BK
|